000
00318nam a2200133Ia 4500
005
20251222155155.0
008
251222s9999||||xx |||||||||||||| ||spa||
082
_a
EST. 05
100
_a
INEI (*) ,
245
0
_a
Proyecciones de Poblacion por aƱos calendario
250
_a
1ra. ed.
264
_b
INEI
942
_c
LIB
999
_c
39733
_d
39733